| 000 | 00990nam a2200301Ia 4500 | ||
|---|---|---|---|
| 001 | Para_1763 | ||
| 003 | CHAP | ||
| 008 | 220125s1997 xx 000 0 und d | ||
| 010 | _a200395 | ||
| 040 | _cCHAP | ||
| 090 | _aD-25 | ||
| 100 |
_aQuiñones F., Juan _993460 |
||
| 245 |
_aEl tomate II : _b enfermedades y plagas |
||
| 260 |
_aCuliacán, Sin. : _b El autor |
||
| 500 | _aVIDEOCASSETTE VHS | ||
| 505 | _aContiene:Enfermedades y plagas del tomate en México, factores climáticos culturales y demás que les favorecen. Explesa la forma paropiada de combate, haciendo enfásis al manejo integrado de plagas. | ||
| 630 |
_aMATERIAL AUDIOVISUAL _9165241 |
||
| 650 |
_aManejo integrado de plagas _970365 |
||
| 650 |
_aTomate _x enfermedades _9113711 |
||
| 650 |
_aTomate _x plagas _9113748 |
||
| 901 | _aD-25 | ||
| 902 | _aA | ||
| 905 | _a0000001997 0000000000 00 | ||
| 910 | _a1997 | ||
| 942 | _cPARA | ||
| 942 |
_cPARA _d1 |
||
| 999 |
_c200395 _d200395 |
||